Workbook on systems analysis and design / (Record no. 133073)

MARC details
000 -LEADER
fixed length control field 00777nam a22002537a 4500
003 - CONTROL NUMBER IDENTIFIER
control field dpl
005 - DATE AND TIME OF LATEST TRANSACTION
control field 20180808161334.0
008 - FIXED-LENGTH DATA ELEMENTS--GENERAL INFORMATION
fixed length control field 180808b xxu||||| |||| 00| 0 eng d
010 ## - LIBRARY OF CONGRESS CONTROL NUMBER
LC control number A-999299
020 ## - INTERNATIONAL STANDARD BOOK NUMBER
Terms of availability 95.00
International Standard Book Number 8120316177
035 ## - SYSTEM CONTROL NUMBER
System control number A-999299, A-999302
037 ## - SOURCE OF ACQUISITION
Source of stock number/acquisition Cen Lib/Ret
040 ## - CATALOGING SOURCE
Original cataloging agency DPL
Language of cataloging EN
Transcribing agency 0
082 ## - DEWEY DECIMAL CLASSIFICATION NUMBER
Classification number 003
Item number GAR
100 ## - MAIN ENTRY--PERSONAL NAME
Personal name Garg, Vinod Kumar
9 (RLIN) 36733
245 ## - TITLE STATEMENT
Title Workbook on systems analysis and design /
Statement of responsibility, etc by Vinod Kumar Garg
260 ## - PUBLICATION, DISTRIBUTION, ETC. (IMPRINT)
Place of publication, distribution, etc New Delhi
Name of publisher, distributor, etc Prentice Hall
Date of publication, distribution, etc 2000
270 ## - ADDRESS
Address M-97, Connaught Circus
City New Delhi
Postal code 110001
300 ## - PHYSICAL DESCRIPTION
Extent xii,168p.
Dimensions 22cm(Hb)
500 ## - GENERAL NOTE
General note Includes glossary reference and index
650 ## - SUBJECT ADDED ENTRY--TOPICAL TERM
Topical term or geographic name as entry element System design
9 (RLIN) 15560
650 ## - SUBJECT ADDED ENTRY--TOPICAL TERM
Topical term or geographic name as entry element System analysis
9 (RLIN) 15673
942 ## - ADDED ENTRY ELEMENTS (KOHA)
Source of classification or shelving scheme Dewey Decimal Classification
Koha item type English Books
Classification part 003
Call number suffix GAR
Holdings
Withdrawn status Lost status Damaged status Not for loan Home library Current library Date acquired Source of acquisition Cost, normal purchase price Total Checkouts Full call number Barcode Date last seen Copy number Cost, replacement price Price effective from Koha item type Source of classification or shelving scheme Collection code
        Central Library Central Library 24/07/2015 Cen Lib/Ret 95.00   003 GAR A-999299 24/07/2015 1 95.00 24/07/2015 English Books    
        Shahdara Branch Shahdara Branch 08/08/2018 BPPD/PUB 95.00   003 GAR A-999302 08/08/2018   95.00 08/08/2018 English Books Dewey Decimal Classification Non-fiction

© Delhi Public Library
Hit Counter
free hit counter